000 01504nam a22004097a 4500
003 OLSZT 008
005 20260331235425.0
008 260331s2011 pl 2 000 0 pol d
040 _aOLSZT 008/bak
_bpol
_erda
_cOLSZT 008/bak
045 2 _bd1923
_bd1933
046 _k2011
100 1 _aGąsiorowski, Andrzej
_d(1935- ).
_eAutor
_919377
245 1 0 _aDziałalność kulturalna i oświatowa polskiej młodzieży pozaszkolnej w byłych Prusach Wschodnich (1923-1933) /
_cAndrzej Gąsiorowski.
260 _aKielce :
_bWydawnictwo Pedagogiczne ZNP.
_c2011.
300 _aStrony [44]-67 ;
_c21 cm.
336 _aText
_btxt
_2rdacontent
337 _aBez urządzenia pośredniczącego
_bn
_2rdamedia
338 _aWolumin
_bnc
_2rdacarrier
380 _aKsiążki
380 _aPublikacje naukowe
388 1 _a2001-
500 _aOdbitka z: Przegląd Historyczno-Oświatowy, nr 1-2, 2011.
500 _aAdres wydawniczy zgodny ze źródłem odbitki.
648 7 _a1901-2000
648 _a1918-1939
650 7 _aOrganizacje młodzieżowe
_2DBN
_939362
650 7 _aPraca kulturalno-oświatowa
_2DBN
_939371
651 7 _aPrusy Wschodnie
_2DBN
_935154
655 7 _aArtykuł z czasopisma naukowego
_2DBN
_936020
658 7 _aEdukacja i pedagogika
_935185
658 7 _aHistoria
_935177
658 7 _aKultura i sztuka
_934995
710 2 _aWydawnictwo Pedagogiczne ZNP.
_eWydawca
_4pbl
_939366
942 _2ddc
_cBK_NM
999 _c27401
_d27401